Organic and hybrid solar cells / (Record no. 21727)

MARC details
000 -LEADER
fixed length control field 01774cam a22003015a 4500
001 - CONTROL NUMBER
control field 11198442
005 - DATE AND TIME OF LATEST TRANSACTION
control field 20160510154503.0
008 - FIXED-LENGTH DATA ELEMENTS--GENERAL INFORMATION
fixed length control field 141125t2014 gw a frb 000 0 eng d
020 ## - INTERNATIONAL STANDARD BOOK NUMBER
International Standard Book Number 9783319108544
040 ## - CATALOGING SOURCE
Modifying agency WaSeSS
-- EG-ScBUE
Language of cataloging eng
Transcribing agency EG-ScBUE
082 04 - DEWEY DECIMAL CLASSIFICATION NUMBER
Classification number 621.3126
Edition number 22
Item number ORG
245 00 - TITLE STATEMENT
Title Organic and hybrid solar cells /
Statement of responsibility, etc editors Hui Huang, Jinsong Huang.
260 ## - PUBLICATION, DISTRIBUTION, ETC. (IMPRINT)
Place of publication, distribution, etc Cham :
Name of publisher, distributor, etc Springer,
Date of publication, distribution, etc c.2014.
300 ## - PHYSICAL DESCRIPTION
Extent viii, 337 p. :
Other physical details ill. ;
Dimensions 24 cm.
504 ## - BIBLIOGRAPHY, ETC. NOTE
Bibliography, etc Includes bibliographical references.
505 0# - FORMATTED CONTENTS NOTE
Formatted contents note Introduction to Organic/Hybrid Solar Cells (OSC) -- Charge Transport and Recombination in OSC -- Donor Materials for OSC -- N-type Electron Accepting Materials for OSC -- Interfacial Layers in OSC -- Alternative Electrodes for OSC -- Inverted Organic Solar Cells -- Stability of OSC -- Research Progress and Manufacturing Techniques for Large Area Polymer Solar Cells -- Hybrid Solar Cells.
506 ## - RESTRICTIONS ON ACCESS NOTE
Terms governing access License restrictions may limit access.
520 ## - SUMMARY, ETC.
Summary, etc This book delivers a comprehensive evaluation of organic and hybrid solar cells and identifies their fundamental principles and numerous applications.  Great attention is given to the charge transport mechanism, donor and acceptor materials, interfacial materials, alternative electrodes, device engineering and physics, and device stability. The authors provide an industrial perspective on the future of photovoltaic technologies.
650 #7 - SUBJECT ADDED ENTRY--TOPICAL TERM
Topical term or geographic name as entry element Electrical engineering.
Source of heading or term BUEsh
9 (RLIN) 33874
650 #7 - SUBJECT ADDED ENTRY--TOPICAL TERM
Topical term or geographic name as entry element Surfaces (Physics)
Source of heading or term BUEsh
9 (RLIN) 39956
653 ## - INDEX TERM--UNCONTROLLED
Resource For college Engineering, General
Arrived date list May2016
700 1# - ADDED ENTRY--PERSONAL NAME
Personal name Huang, Jinsong.
Relator term editor.
700 1# - ADDED ENTRY--PERSONAL NAME
Personal name Huang, Hui.
Relator term editor.
773 0# - HOST ITEM ENTRY
Title Springer eBooks
773 #0 - HOST ITEM ENTRY
Title SpringerLINK ebooks - Energy (2014)
776 08 - ADDITIONAL PHYSICAL FORM ENTRY
Display text Printed edition:
International Standard Book Number 9783319108544
942 ## - ADDED ENTRY ELEMENTS (KOHA)
Source of classification or shelving scheme Dewey Decimal Classification
Holdings
Withdrawn status Item status Source of classification or shelving scheme Damaged status Not for loan Vendor Home library Current library Shelving location Date acquired Source of acquisition Total Checkouts Full call number Barcode Date last seen Koha item type
    Dewey Decimal Classification     Alahram Central Library Central Library First floor 10/05/2016 Purchase   621.3126 ORG 000032466 15/07/2025 Book - Borrowing